ბათუმის შოთა რუსთაველის სახელმწიფო უნივერსიტეტის ბიბლიოთეკა

სსრ კავშირის მრეწველობის ეკონომიკა : (ბიბ.ჩანაწერი № 64165)

000 -ლიდერი
ფიქსირებული სიგრძის საკონტროლო ველი 01125nam a22001937a 4500
003 - საკონტროლო ნომრის იდენტიფიკატორი
საკონტროლო ველი Ge_BSU
005 - ბოლო ოპერაციის თარიღი და დრო
საკონტროლო ველი 20260423122551.0
008 - ფიქსირებული სიგრძის მონაცემთა ელემენტები - ზოგადი ინფორმაცია
ფიქსირებული სიგრძის საკონტროლო ველი 260423s1956 ge ||||| |||| 00| 0 geo d
041 ## - ენის კოდი
Language code of text/sound track or separate title geo
080 ## - უნივერსალური ათობითი კლასიფიკაციის ინდექსი
Universal Decimal Classification number 338.45(47+57)(075.8) ს-43
245 ## - ცნობა სათაურის შესახებ
Title სსრ კავშირის მრეწველობის ეკონომიკა :
Remainder of title სახელმძღვ. /
Statement of responsibility, etc თავების ავტ. : პ.ა. ხრომოვი, ა.ა. არაქელიანი, კ.ი. კლიმენკო; სსრკ მეცნ. აკად., ეკონომიკის ინ-ტი.
264 ## - წარმოების, გამოცემის, დისტრიბუციის და სხვა ცნობები
გამოცემის, წარმოების, დისტრიბუციის... ადგილი თბ. :
გამოცემის, წარმოების, დისტრიბუციის... სახელწოდება სახელგამი,
გამოცემის, წარმოების, დისტრიბუციის... თარიღი 1956.
300 ## - ფიზიკური აღწერა
Extent 560 გვ. ;
Other physical details 23 სმ.
653 ## - INDEX TERM--UNCONTROLLED
Uncontrolled term სსრ კავშირის მრეწველობის ეკონომიკა
700 ## - ADDED ENTRY--PERSONAL NAME
Personal name ხრომოვი, პ.ა.
Relator term ავტორი
9 (RLIN) 27359
700 ## - ADDED ENTRY--PERSONAL NAME
Personal name კლიმენკო, კ.ი.
Relator term ავტორი
9 (RLIN) 27360
710 ## - ADDED ENTRY--CORPORATE NAME
Corporate name or jurisdiction name as entry element სსრკ მეცნ. აკად., ეკონომიკის ინ-ტი.
9 (RLIN) 27361
942 ## - ADDED ENTRY ELEMENTS (KOHA)
Source of classification or shelving scheme
Koha item type წიგნი
ეგზემპლარები
ჩამოწერის სტატუსი დაკარგული ეგზემპლარის სტატუსი კლასიფიკაციის წყარო ან თაროზე გაწყობის სქემა დაზიანების სტატუსი არ გაიცემა მუდმივი მდებარეობა (დაცვის ადგილი) ამჟამინდელი ადგილსამყოფელი თაროზე განთავსების ადგილი შეძენის თარიღი ღირებულება, შესყიდვის ნორმალური ფასი სრული შენახვის შიფრი შტრიხკოდი ბოლო ოპერაციის თარიღი ეგზემპლარის მიმდევრობითი ნომერი (კეტერი?) ფასის ძალაში შესვლის თარიღი ეგზემპლარის სახეობა საჯარო შენიშვნა
          ბათუმის შოთა რუსთაველის სახელმწიფო უნივერსიტეტის მთავარი ბიბლიოთეკა ბათუმის შოთა რუსთაველის სახელმწიფო უნივერსიტეტის მთავარი ბიბლიოთეკა წიგნსაცავი 2026-04-23 2.28 338.45(47+57)(075.8) ს-43 74362 2026-04-23 74362 2026-04-23 წიგნი 2 ლ. 28 თ.